Hindu fasts and feasts / (Record no. 133745)
[ view plain ]
| 000 -LEADER | |
|---|---|
| fixed length control field | 00607nam a22002177a 4500 |
| 005 - DATE AND TIME OF LATEST TRANSACTION | |
| control field | 20170124110214.0 |
| 010 ## - LIBRARY OF CONGRESS CONTROL NUMBER | |
| LC control number | A-710347 |
| 020 ## - INTERNATIONAL STANDARD BOOK NUMBER | |
| Terms of availability | 125.00 |
| International Standard Book Number | 8185326169 |
| 035 ## - SYSTEM CONTROL NUMBER | |
| System control number | A-710347 |
| 037 ## - SOURCE OF ACQUISITION | |
| Source of stock number/acquisition | Cen Lib/Ret |
| 040 ## - CATALOGING SOURCE | |
| Original cataloging agency | DPL |
| Language of cataloging | EN |
| 082 ## - DEWEY DECIMAL CLASSIFICATION NUMBER | |
| Classification number | 394.2682923 |
| Item number | MUK |
| 100 ## - MAIN ENTRY--PERSONAL NAME | |
| Personal name | Mukerji, A. C. |
| 9 (RLIN) | 38799 |
| 245 ## - TITLE STATEMENT | |
| Title | Hindu fasts and feasts / |
| Statement of responsibility, etc | by A.C.Mukherji |
| 260 ## - PUBLICATION, DISTRIBUTION, ETC. (IMPRINT) | |
| Place of publication, distribution, etc | Gurgaon |
| Name of publisher, distributor, etc | Vintage Books |
| Date of publication, distribution, etc | 1918 |
| 270 ## - ADDRESS | |
| Address | 557, Sector-14 |
| City | Haryana |
| Postal code | 122001 |
| 300 ## - PHYSICAL DESCRIPTION | |
| Extent | iii,221p. |
| Dimensions | 21cm(Hb) |
| 650 ## - SUBJECT ADDED ENTRY--TOPICAL TERM | |
| Topical term or geographic name as entry element | Hinduismus |
| 9 (RLIN) | 38800 |
| 650 ## - SUBJECT ADDED ENTRY--TOPICAL TERM | |
| Topical term or geographic name as entry element | Fest |
| 9 (RLIN) | 38801 |
| 942 ## - ADDED ENTRY ELEMENTS (KOHA) | |
| Source of classification or shelving scheme | Dewey Decimal Classification |
| Koha item type | English Books |
| Classification part | 394.2682923 |
| Call number suffix | MUK |
| Withdrawn status | Lost status | Damaged status | Not for loan | Collection code | Home library | Current library | Date acquired | Source of acquisition | Cost, normal purchase price | Total Checkouts | Full call number | Barcode | Date last seen | Copy number | Cost, replacement price | Price effective from | Koha item type |
|---|---|---|---|---|---|---|---|---|---|---|---|---|---|---|---|---|---|
| Not For Loan | Reference | Central Library | Central Library | 27/07/2015 | Cen Lib/Ret | 125.00 | 394.2682923 MUK | A-710347 | 27/07/2015 | 1 | 125.00 | 15/09/2016 | English Books |
